Análisis de varianza con medidas repetidas : (Registro nro. 53684)
[ vista simple ]
| 000 -LEADER | |
|---|---|
| campo de control de longitud fija | 02301nam a2200349 i 4500 |
| 003 - IDENTIFICADOR DE NÚMERO DE CONTROL | |
| campo de control | peliumch |
| 005 - FECHA Y HORA DE LA ÚLTIMA TRANSACCIÓN | |
| campo de control | 20260305114442.0 |
| 007 - CAMPO FIJO DE DESCRIPCIÓN FÍSICA--INFORMACIÓN GENERAL | |
| campo de control de longitud fija | ta |
| 008 - DATOS DE LONGITUD FIJA--INFORMACIÓN GENERAL | |
| campo de control de longitud fija | 260305b |||||||| |||| 00| 0 eng d |
| 020 ## - NÚMERO INTERNACIONAL ESTÁNDAR DEL LIBRO | |
| Número Internacional Estándar del Libro | 9788471336972 |
| 040 ## - FUENTE DE CATALOGACIÓN | |
| Centro catalogador/agencia de origen | UMCH |
| Lengua de catalogación | spa |
| Centro/agencia transcriptor | UMCH |
| Centro/agencia modificador | jmr |
| Normas de descripción | rda |
| 041 0# - CÓDIGO DE IDIOMA | |
| Código de lengua del texto/banda sonora o título independiente | spa |
| 043 ## - CÓDIGO DE ÁREA GEOGRÁFICA | |
| Código de área geográfica | s-pe--- |
| 082 ## - NÚMERO DE LA CLASIFICACIÓN DECIMAL DEWEY | |
| Número de clasificación | 519.2/X6 |
| 100 1# - ENTRADA PRINCIPAL--NOMBRE DE PERSONA | |
| Nombre de persona | Ximénez Gómez, María Carmen |
| Término indicativo de función/relación | autor |
| 245 ## - MENCIÓN DEL TÍTULO | |
| Título | Análisis de varianza con medidas repetidas : |
| Resto del título | cuadernos de estadística |
| 250 ## - MENCION DE EDICION | |
| Mención de edición | Primera edición. |
| 264 #1 - PRODUCCIÓN, PUBLICACIÓN, DISTRIBUCIÓN, FABRICACIÓN Y COPYRIGHT | |
| Producción, publicación, distribución, fabricación y copyright | Madrid ; |
| Nombre del de productor, editor, distribuidor, fabricante | La muralla SA. |
| Fecha de producción, publicación, distribución, fabricación o copyright | 2000 |
| 264 #4 - PRODUCCIÓN, PUBLICACIÓN, DISTRIBUCIÓN, FABRICACIÓN Y COPYRIGHT | |
| Fecha de producción, publicación, distribución, fabricación o copyright | ©2000 |
| 300 ## - DESCRIPCIÓN FÍSICA | |
| Extensión | 144 páginas ; |
| Dimensiones | 22 cm |
| 500 ## - NOTA GENERAL | |
| Nota general | En la presente monografía se exponen los principales modelos de análisis de varianza (o ANOVA) con medidas repetidas. Está especialmente dirigida a profesionales de las ciencias sociales y la educación/o a estudiantes de licenciatura o postgrado cuya actividad investigadora precise el análisis de datos con medidas repetidas. Se estructura en dos partes. En la primera se expone el modelo que incluye un único factor, y en la segunda los modelos de dos factores (medidas repetidas en ambos y sólo en un factor). Para cada modelo se hace referencia al modelo lineal general que plantea, el tipo de datos que permite analizar, los supuestos estadísticos en que se basa y los estadísticos que utiliza. La explicación de cada modelo se acompaña con ejemplos resueltos tanto numéricamente como mediante soporte informático a través del programa SPSS para Windows. Los autores han cuidado al máximo la claridad en la exposición y en la organización de contenidos para que el lector que no disponga de una base matemática sólida pueda seguir el texto sin dificultad. |
| 504 ## - NOTA DE BIBLIOGRAFÍA, ETC. | |
| Nota de bibliografía, etc. | Incluye bibliograía |
| 505 0# - NOTA DE CONTENIDO CON FORMATO | |
| Información miscelánea | 1: |
| Título | Introducción general-- |
| Información miscelánea | 2: |
| Título | El modelo lineal general-- |
| Información miscelánea | 3: |
| Título | El modelo de análisis de varianza con medidas repetidas de un factor-- |
| Información miscelánea | 4: |
| Título | El modelo de análisis de varianza con medidas repetidas de dos factores. |
| 521 ## - NOTA DE PÚBLICO DESTINATARIO | |
| Nota de público destinatario | Recomendado para un público en general. |
| 650 14 - PUNTO DE ACCESO ADICIONAL DE MATERIA--TÉRMINO DE MATERIA | |
| Término de materia o nombre geográfico como elemento de entrada | Técnicas de análisis |
| 700 1# - ENTRADA AGREGADA--NOMBRE PERSONAL | |
| Nombre de persona | San Martín Castellanos, Rafael |
| Término indicativo de función/relación | autor |
| 942 ## - ELEMENTOS DE ENTRADA SECUNDARIOS (KOHA) | |
| Fuente del sistema de clasificación o colocación | Clasificación Decimal Dewey |
| Tipo de ítem Koha | Libros |
| Suprimir en OPAC | No |
| Estatus retirado | Estado de pérdida | Fuente del sistema de clasificación o colocación | Estado de daño | No para préstamo | Biblioteca de origen | Biblioteca actual | Ubicación en estantería | Fecha de adquisición | Fuente de adquisición | Información codificada de la localización en otra ubicación | Total checkouts | Signatura topográfica completa | Código de barras | Visto por última vez | Precio de reemplazo | Tipo de ítem Koha |
|---|---|---|---|---|---|---|---|---|---|---|---|---|---|---|---|---|
| Clasificación Decimal Dewey | Biblioteca Central | Biblioteca Central | Colección general | 05/03/2026 | Donación | UMCH | 519.2/X6 | 035899 | 05/03/2026 | 05/03/2026 | Libros |

